00299nam a2200121Ia 45000010005000000080041000050820015000461000018000612450027000792600042001069010012001489990017001601554241024s9999 xx 000 0 und d aARVER 1554 a[*SIN AUTOR*] 0aSíntesis Informativa bDirección General de Comunicación a12/3/14 c10218d10218